Akademická Dubnica 98 : Zborník prednášok. Diel 1

Enregistré dans:
Détails bibliographiques
Collectivité auteur: 4. vedecká konferencia s medzinárodnou účasťou Dubnica nad Váhom
Format: Actes de congrès Livre
Langue:multilingue
Publié: Bratislava : STU v Bratislave, 1998
Sujets:
Tags: Ajouter un tag
Pas de tags, Soyez le premier à ajouter un tag!

MARC

LEADER 00000nam a22000003a 4500
001 stu80283
005 20150408161516.8
008 030414s1998----xo------------------mul-d
020 |a 80-227-111-X 
040 |a STU  |b slo 
041 0 |a mul 
044 |a xo 
080 |a 621(082)  |7 stu_us_auth*stu3307 
111 2 |a 4. vedecká konferencia s medzinárodnou účasťou  |d (24.-25.9.1998 :  |c Dubnica nad Váhom) 
245 |a Akademická Dubnica 98 :  |b Zborník prednášok. Diel 1 
260 |a Bratislava :  |b STU v Bratislave,  |c 1998 
300 |a 210 s 
650 7 |a strojárstvo  |2 stusub 
996 |b 284M056333  |c M*Z-1392  |l MMST  |s P  |a 0  |w stu80283_0001 
996 |b MZ 1393  |c M*Z-1393  |l MMKN  |s A  |a 24  |w stu80283_0002